| 000 | 00853nam a2200265Ia 4500 | ||
|---|---|---|---|
| 001 | Z_2356 | ||
| 003 | CHAP | ||
| 008 | 220113s1993 xx 000 0 und d | ||
| 010 | _a165413 | ||
| 040 | _cCHAP | ||
| 090 | _aTesis H 866 | ||
| 100 |
_aHernández Daumas, Salvador _953935 |
||
| 245 |
_aEvaluación del potencial forrajero de especies leñosas nativas de bosques secundarios en el Peten, Guatemala / _cpor Salvador Hernández Daumas |
||
| 260 |
_aTurrialba, Costa Rica : _bEl autor, _c1993 |
||
| 300 | _a96 h. | ||
| 502 | _aTesis (Maestro en Ciencias) -- CATIE. Area de Postgrado | ||
| 650 |
_aForrajes leñosos _9139293 |
||
| 650 |
_aForrajes _xGuatemala I. Centro Agronómico Tropical de Investigación y Enseñanza _9139294 |
||
| 901 | _aTESIS H 866 | ||
| 902 | _aM | ||
| 910 | _a1993 | ||
| 942 | _c2 | ||
| 942 | _c2 | ||
| 999 |
_c165413 _d165413 |
||